AutoCAD Release 12 : Podrobný manuál /

Gespeichert in:
Bibliographische Detailangaben
Hauptverfasser: Filip, Miloš (Verfasst von), Závodská, Jana (Verfasst von)
Format: Buch
Sprache:Tschechisch
Veröffentlicht: Brno : CCB, 1993
Tags: Tag hinzufügen
Keine Tags, Fügen Sie das erste Tag hinzu!

MARC

LEADER 00000nam a22000003a 4500
001 stu27662
005 20150617225741.3
008 940603s1993----cs------------------cze-d
040 |a STU  |b slo 
041 0 |a cze 
044 |a cs 
080 |a 519.682 
080 |a 800.92 
100 1 |a Filip, Miloš  |4 aut 
245 1 |a AutoCAD Release 12 :  |b Podrobný manuál /  |c [aut]Závodská,Jana;Filip,Miloš 
260 |a Brno :  |b CCB,  |c 1993 
300 |a 8,361 s 
700 1 |a Závodská, Jana  |4 aut 
996 |b 284V001819  |c V*43079/O-18553a  |l VVS  |s A  |a 24  |w stu27662_0003